Feminism in the Muslim World Leadership Institutes : 1998 & 1999 reports (Record no. 4421)
[ view plain ]
| 000 -LEADER | |
|---|---|
| fixed length control field | 00730nam a2200169 4500 |
| 008 - FIXED-LENGTH DATA ELEMENTS--GENERAL INFORMATION | |
| fixed length control field | 231213b |||||||| |||| 00| 0 eng d |
| 082 ## - DEWEY DECIMAL CLASSIFICATION NUMBER | |
| Classification number | 305.42 |
| Item number | HEL |
| 942 ## - ADDED ENTRY ELEMENTS (KOHA) | |
| Item Type | Reports |
| 100 ## - MAIN ENTRY--PERSONAL NAME | |
| Personal Name | Hélie, Anissa |
| 245 ## - TITLE STATEMENT | |
| Title | Feminism in the Muslim World Leadership Institutes : 1998 & 1999 reports |
| Sub Title | Istanbul, Turkey, September 14-26, 1998 : Lagos, Nigeria, October 25-November 5, 1999 |
| 260 ## - PUBLICATION, DISTRIBUTION, ETC. (IMPRINT) | |
| Place of Publication | Rutgers: |
| Name of Publisher | Center for Women's Global Leadership, |
| Date of Copyright | 2000 |
| 260 ## - PUBLICATION, DISTRIBUTION, ETC. (IMPRINT) | |
| Place of Publication | London: |
| Name of Publisher | Women Living Under Muslim Laws, International Coordination Office, |
| Date of Copyright | 2000 |
| 300 ## - PHYSICAL DESCRIPTION | |
| Extent | ix, 114 p. : ill. ; 23 cm |
| 650 ## - SUBJECT ADDED ENTRY--TOPICAL TERM | |
| Topical Term | Feminism- Islamic countries- Congresses |
| 650 ## - SUBJECT ADDED ENTRY--TOPICAL TERM | |
| Topical Term | Muslim women- Legal status, laws, |
| 650 ## - SUBJECT ADDED ENTRY--TOPICAL TERM | |
| Topical Term | Women's rights- Islamic countries |
| Withdrawn status | Lost status | Source of classification or shelving scheme | Damaged status | Not for loan | Permanent location | Current location | Date acquired | Total Checkouts | Full call number | Barcode | Date last seen | Price effective from | Koha item type |
|---|---|---|---|---|---|---|---|---|---|---|---|---|---|
| Dewey Decimal Classification | Resource center, Muslim Women's Research And Action Forum | Resource center, Muslim Women's Research And Action Forum | 2023-12-13 | 305.42 HEL | RAF4546 | 2023-12-13 | 2023-12-13 | Reports | |||||
| Dewey Decimal Classification | Resource center, Muslim Women's Research And Action Forum | Resource center, Muslim Women's Research And Action Forum | 2024-01-22 | 305.42 HEL | RAF4047 | 2024-01-22 | 2024-01-22 | Reports | |||||
| Dewey Decimal Classification | Resource center, Muslim Women's Research And Action Forum | Resource center, Muslim Women's Research And Action Forum | 2024-02-03 | 305.42 HEL | RAF4950 | 2024-02-03 | 2024-02-03 | Reports |

